Del final del sistema-mundo capitalista hacia un nuevo sistema-histórico alternativo: la utopística de Immanuel Wallerstein /
Se hace un recuento de la perspectiva crítica de Immanuel Wallerstein mejor conocida como "sistema mundo". También se expone el pensamiento del mismo, al que se considera utopista, en lo que respecta al fin del capitalismo histórico y la transición hacia un nuevo sistema-histórico. Se conc...
Zapisane w:
| 1. autor: | |
|---|---|
| Format: | Texto |
| Hasła przedmiotowe: | |
| Etykiety: |
Dodaj etykietę
Nie ma etykietki, Dołącz pierwszą etykiete!
|
MARC
| LEADER | 00000 a a2200000 04500 | ||
|---|---|---|---|
| 001 | 10184 | ||
| 003 | |||
| 040 | |||
| 100 | |a Grosfoguel, Ramón | ||
| 245 | |a Del final del sistema-mundo capitalista hacia un nuevo sistema-histórico alternativo: |b la utopística de Immanuel Wallerstein / |c Ramón Grosfoguel | ||
| 520 | |a Se hace un recuento de la perspectiva crítica de Immanuel Wallerstein mejor conocida como "sistema mundo". También se expone el pensamiento del mismo, al que se considera utopista, en lo que respecta al fin del capitalismo histórico y la transición hacia un nuevo sistema-histórico. Se concluye con algunas cossideraciones críticas sobre sus planteamientos | ||
| 650 | |a TEORIA CRITICA | ||
| 650 | |a IDEOLOGIAS | ||
| 650 | |a SISTEMAS ECONOMICOS | ||
| 650 | |a LIBERALISMO | ||
| 650 | |a SOCIOLOGIA | ||
| 650 | |a CIENCIAS SOCIALES | ||
| 773 | |g número 25; páginas 44-52 | ||
| 999 | |c 25655 |d 25655 | ||
